Convivir con el trastorno bipolar / (Registro nro. 37655)
[ vista simple ]
| 000 -CABECERA | |
|---|---|
| Longitud fija campo de control | 00936nam a2200253 a 4500 |
| 003 - • IDENTIFICADOR DELl NÚMERO DE CONTROL | |
| Identificador del número de control | CO-ViMGA |
| 008 - • CÓDIGOS DE INFORMACIÓN DE LONGITUD FIJA | |
| Códigos de información de longitud fija | 140813s2014 sp a gr 00010 spa d |
| 020 ## - • NÚMERO INTERNACIONAL NORMALIZADO PARA LIBROS | |
| Número Internacional Normalizado para Libros (ISBN) | 9788498358162 |
| 040 ## - FUENTE DE LA CATALOGACIÓN | |
| Centro catalogador de origen | CO-ViMGA |
| Lengua de catalogación | spa |
| Centro transcriptor | CO-ViMGA |
| 082 04 - • NÚMERO DE LA CLASIFICACIÓN DECIMAL DEWEY | |
| Número de clasificación (R) | 616.84 |
| Número del ítem | V43c1 |
| Número de edición | 20 |
| 100 1# - • PUNTO DE ACCESO PRINCIPAL-NOMBRE DE PERSONA | |
| Nombre de persona | Vieta Pacual, Eduard. |
| 245 10 - • TITULO PROPIAMENTE DICHO | |
| Título | Convivir con el trastorno bipolar / |
| Mención de responsabilidad, etc. | Eduard Vieta Pascual, Francesc Colom Victoriano ; ilustraciones Javier Bejega. |
| 250 ## - • MENCIÓN DE EDICIÓN | |
| Mención de edición | 2a. edición. |
| 300 ## - • DESCRIPCIÓN FÍSICA | |
| Extensión | vii, 120 páginas : |
| Otras características físicas | ilustraciones ; |
| Dimensiones | 20 cm. |
| 490 1# - • MENCIÓN DE SERIE | |
| Mención de serie | Colección convivir con.. |
| 650 14 - • PUNTO DE ACCESO ADICIONAL DE MATERIA - TÉRMINO DE MATERIA | |
| Término de materia o nombre geográfico como elemento inicial | Depresión mental. |
| 650 14 - • PUNTO DE ACCESO ADICIONAL DE MATERIA - TÉRMINO DE MATERIA | |
| Término de materia o nombre geográfico como elemento inicial | Enfermedades del sistema nervioso. |
| 650 14 - • PUNTO DE ACCESO ADICIONAL DE MATERIA - TÉRMINO DE MATERIA | |
| Término de materia o nombre geográfico como elemento inicial | Psicosis maniaco-depresiva. |
| 650 14 - • PUNTO DE ACCESO ADICIONAL DE MATERIA - TÉRMINO DE MATERIA | |
| Término de materia o nombre geográfico como elemento inicial | Trastornos mentales. |
| 700 1# - • PUNTO DE ACCESO ADICIONAL - NOMBRE DE PERSONA | |
| Nombre de persona | Bejega, Javier, |
| Término indicativo de función | ilustrador. |
| 700 1# - • PUNTO DE ACCESO ADICIONAL - NOMBRE DE PERSONA | |
| Nombre de persona | Colom Victoriano, Francesc. |
| 942 ## - ENTRADA DE ELEMENTOS AGREGADOS (KOHA) | |
| Fuente de clasificaión o esquema | Dewey Decimal Classification |
| Koha [por defecto] tipo de item | LIbro |
| Perdido | Fuente de clasificación o esquema | Estado Físico | No para préstamo | Forma de adquisición | Localización permanente | Localización actual | Fecha adquisición | Préstamos totales | Signatura completa | Código de barras | Fecha última consulta | Fecha último préstamo | Número de copia | Fecha del precio de reemplazo | Tipo de item de Koha |
|---|---|---|---|---|---|---|---|---|---|---|---|---|---|---|---|
| Dewey Decimal Classification | Sala Especializada Tercer Piso | Biblioteca Pública Germán Arciniegas - Villavicencio | Biblioteca Pública Germán Arciniegas - Villavicencio | 10/26/2016 | 1 | 616.84 V43c1 | 31297 | 05/16/2019 | 05/16/2019 | Ej.1 | 10/26/2016 | LIbro |